00446 2200181 4500001002100000005001500021008004100036020002200077035001900099041000700118082000800125090001400133100001300147245002100160260004600181300002000227650001700247INLIS00000000000290020241224112625241224||||||||| | ||| |||| || |  a978-979-22-8940-4 0010-1224002900 aen0 a813 a813 CLA m0 aClara Ng00aMantra Dies Irae aJakartabPT. Gramedia Pustaka Utamac2012 a352 hlm.; 20 cm 0aKesusastraan